LEADER 01369nam 2200349z- 450 001 9910689401703321 005 20161209100931.0 035 $a(CKB)5860000000023442 035 $a(BIP)008702771 035 $a(EXLCZ)995860000000023442 100 $a20220406c2001uuuu -u- - 101 0 $aeng 200 10$aFirst in series on social security disability programs' challenges and opportunities $ehearing before the Subcommittee on Social Security of the Committee on Ways and Means, House of Representatives, One Hundred Seventh Congress, first session, June 28, 2001 215 $a1 online resource (iii, 139 p.) $cill 311 $a0-16-066309-1 517 $aFirst in series on social security disability programs' challenges and opportunities 606 $aSocial security$zUnited States 606 $aDisability evaluation$zUnited States 606 $aDisability insurance$zUnited States 610 $aSocial security 610 $aDisability evaluation 610 $aDisability insurance 610 $aPolitical science 610 $aLaw 610 $aBusiness & economics 615 0$aSocial security 615 0$aDisability evaluation 615 0$aDisability insurance 906 $aBOOK 912 $a9910689401703321 996 $aFirst in series on social security disability programs' challenges and opportunities$93144557 997 $aUNINA LEADER 01039nam a2200277 i 4500 001 991000680859707536 005 20250331111346.0 008 961015s1959 us ||| | eng 020 $a0471758345 035 $ab10742359-39ule_inst 035 $aLE01300629$9ExL 040 $aBibl. Dip.le Aggr. Matematica e Fisica - Sez. Matematica 082 0 $a519.5352 084 $aAMS 62J10 100 1 $aScheffé, Henry$0381956 245 14$aThe analysis of variance /$cHenry Scheffé 260 $aNew York :$bJ. Wiley & Sons,$c1959 300 $axvi, 477 p. ;$c23 cm 490 0 $aWiley series in probability and mathematical statistics.$aProbability and mathematical statistics,$x0271-6232 650 0$aAnalysis of variance 907 $a.b10742359$b23-02-17$c28-06-02 912 $a991000680859707536 945 $aLE013 62J SCH11 (1959)$g1$i2013000063454$lle013$o-$pE0.00$q-$rl$s-$t0$u0$v0$w0$x0$y.i10833766$z28-06-02 996 $aAnalysis of variance$9340613 997 $aUNISALENTO 998 $ale013$b01-01-96$cm$da$e-$feng$gus$h4$i1